<?xml version="1.0" encoding="UTF-8"?>
<collection xmlns="http://www.loc.gov/MARC21/slim">
    <record>
        <controlfield tag="001">31252</controlfield>
        <controlfield tag="005">20150429091750.0</controlfield>
        <datafield tag="037" ind1=" " ind2=" ">
            <subfield code="a">TAZ-TFG-2014-1525</subfield>
        </datafield>
        <datafield tag="041" ind1=" " ind2=" ">
            <subfield code="a">spa</subfield>
        </datafield>
        <datafield tag="100" ind1="1" ind2=" ">
            <subfield code="a">Coll Vidal, Sheila</subfield>
        </datafield>
        <datafield tag="245" ind1="0" ind2="0">
            <subfield code="a">Estudio comparativo de los temas en *-ā̌ en griego y en latín</subfield>
        </datafield>
        <datafield tag="260" ind1=" " ind2=" ">
            <subfield code="a">Zaragoza</subfield>
            <subfield code="b">Universidad de Zaragoza</subfield>
            <subfield code="c">2014</subfield>
        </datafield>
        <datafield tag="506" ind1=" " ind2=" ">
            <subfield code="a">by-nc-sa</subfield>
            <subfield code="b">Creative Commons</subfield>
            <subfield code="c">3.0</subfield>
            <subfield code="u">http://creativecommons.org/licenses/by-nc-sa/3.0/</subfield>
        </datafield>
        <datafield tag="520" ind1=" " ind2=" ">
            <subfield code="a">Según se indica en el titulo presentamos aquí un estudio comparativo de los temas en *-ā̌ tanto en griego como en latín. Lo hemos llevado a cabo gracias a la lingüística histórico-comparada. La lingüística histórica (o lingüística diacrónica) es la disciplina lingüística que estudia el cambio de las lenguas con el tiempo y el proceso de cambio lingüístico. Por tanto, la lingüística histórica ocupa un lugar destacado en el estudio de la evolución diacrónica de las lenguas y su relación o parentesco genético. El método comparativo: se busca, ante todo, establecer correspondencias entre las lenguas comparándolas; esta comparación, además, es entre sus elementos gramaticales. Los resultados de la lingüística histórica pueden ser frecuentemente comparados con los de otras disciplinas como la historia, la arqueología o la genética. En los estudios interdisciplinares de este tipo lo que se pretende es reconstruir la cronología relativa de contactos entre pueblos, rutas de expansión e influencias culturales mutuas. La lingüística comparada hace objeto de estudio a diversas lenguas, poniéndolas en relación entre sí, con objeto de aclarar determinados aspectos de una de ellas por los hechos de las demás. Además, se hará una breve introducción a las laringales y a su historia, ya que estos temas que vamos a estudiar en este trabajo provienen de una laringal. También trataré sucintamente el tema del caso femenino en indoeuropeo, así como de la relación de los morfemas con el colectivo/abstracto y con el genitivo. También hay cuadros resúmenes y explicativos, que en algunos casos recopilan la información dada o ejemplifican lo que se está explicando.</subfield>
        </datafield>
        <datafield tag="521" ind1=" " ind2=" ">
            <subfield code="a">Graduado en Estudios Clásicos</subfield>
        </datafield>
        <datafield tag="540" ind1=" " ind2=" ">
            <subfield code="a">Derechos regulados por licencia Creative Commons</subfield>
        </datafield>
        <datafield tag="700" ind1=" " ind2=" ">
            <subfield code="a">Jordán Cólera, Carlos</subfield>
            <subfield code="e">dir.</subfield>
        </datafield>
        <datafield tag="710" ind1="2" ind2=" ">
            <subfield code="a">Universidad de Zaragoza</subfield>
            <subfield code="b">Ciencias de la Antigüedad</subfield>
            <subfield code="c">Lingüística Indoeuropea</subfield>
        </datafield>
        <datafield tag="856" ind1="0" ind2=" ">
            <subfield code="f">630816@celes.unizar.es</subfield>
        </datafield>
        <datafield tag="856" ind1="4" ind2=" ">
            <subfield code="s">2964724</subfield>
            <subfield code="u">http://zaguan.unizar.es/record/31252/files/TAZ-TFG-2014-1525.pdf</subfield>
            <subfield code="y">Memoria (spa)</subfield>
            <subfield code="z">Memoria (spa)</subfield>
        </datafield>
        <datafield tag="909" ind1="C" ind2="O">
            <subfield code="o">oai:zaguan.unizar.es:31252</subfield>
            <subfield code="p">driver</subfield>
            <subfield code="p">trabajos-fin-grado</subfield>
        </datafield>
        <datafield tag="950" ind1=" " ind2=" ">
            <subfield code="a"></subfield>
        </datafield>
        <datafield tag="951" ind1=" " ind2=" ">
            <subfield code="a">deposita:2015-04-21</subfield>
        </datafield>
        <datafield tag="980" ind1=" " ind2=" ">
            <subfield code="a">TAZ</subfield>
            <subfield code="b">TFG</subfield>
            <subfield code="c">FFYL</subfield>
        </datafield>
    </record>

    
</collection>